| 000 | 00468nam a2200157 4500 | ||
|---|---|---|---|
| 001 | 121313 | ||
| 003 | ES-MaACL | ||
| 005 | 20230906191730.0 | ||
| 007 | t| | ||
| 008 | 070214s1914 xxk r ||||1| eng d | ||
| 100 | 1 |
_aPriestley, Raymond. _993872 |
|
| 245 | 1 | 0 |
_aAntarctic adventure Scott's Northern Party / _cby Raymond Priestley. |
| 260 |
_aLondon : _bThe Gresham Press, _c1914. |
||
| 300 |
_a382 p., 97 lám. ; _c23 x 14 cm + _e3 map. |
||
| 852 |
_aES-MaACL _jF-7862 |
||
| 999 |
_c121313 _d121313 |
||